Cambios fiscales y resolucin̤ miscelǹea fiscal 2013 Anl̀isis y Comentarios

Detalles Bibliográficos
Autor principal: Baltazar Mancilla, Manuel
Otros Autores: Bornacini Hervella, Honor ̌A
Formato: eBook
Lenguaje:español
Publicado: Mx̌ico D.F. : Mx̌ico Fiscal, 2013
Materias:
Acceso en línea:http://www.vlex.com/source/11329

MARC

LEADER 00000nam a22000007a 4500
005 20130614122921.0
007 cr|||| ||||
008 130614e2013 mx |||||s|||| 00||0 spa d
035 |a 11329 
040 |a vLex 
090 |c 4361  |d 4361 
100 1 0 |a Baltazar Mancilla, Manuel 
245 1 0 |a Cambios fiscales y resolucin̤ miscelǹea fiscal 2013  |b Anl̀isis y Comentarios  |c / Manuel Baltazar Mancilla, Honor ̌A. Bornacini Hervella   |h [Recurso electrn̤ico] 
256 |a Servicio en ln̕ea 
260 |a Mx̌ico D.F. :  |b Mx̌ico Fiscal,   |c 2013 
300 |a 1 Recurso electrn̤ico 
506 |a Contenido solo disponible en los productos indicados  |d vLex Global   |d vLex Global (Academic Edition, excluding Law Schools)  |d vLex Global (U.S. Academic Edition, Law Schools)  |d vLex Global (U.S. Academic Edition, excluding Law Schools)  |d vLex Global (Academic Edition, Law Schools) 
650 4 |a Derecho tributario  |z Mx̌ico 
700 1 0 |a Bornacini Hervella, Honor ̌A.  
740 |a vLex Libros (Servicio en ln̕ea) 
856 |a Acceso restringido  |u http://www.vlex.com/source/11329 
942 |c BOOK 
999 0 |a Taxation